| 000 | 00000nam##2200000za#4500 |
| 001 | 9.581238 |
| 003 | CaOODSP |
| 005 | 20220623125950 |
| 007 | cr ||||||||||| |
| 008 | 150406|2014||||xxc|||||o f|0| 0 eng|d |
| 020 | |a978-1-100-25412-8 |
| 022 | |a1707-0503 |
| 040 | |aCaOODSP|beng |
| 043 | |an-cn--- |
| 086 | 1 |aCS11-621/94E-PDF |
| 245 | 00|aRetail - the year 2013 in review / |h[electronic resource]|cby Jason Aston and Simon Sheldrick. |
| 260 | |aOttawa - Ontario : |bStatistics Canada |cDecember 2014. |
| 300 | |a11p.|bfigs., graphs, table |
| 490 | 1 |aAnalysis in brief|x1707-0503|vNo. 94 |
| 590 | |a15-10|b2015-03-06 |
| 690 | 07|aRetail trade|2gcpds |
| 710 | 2 |aStatistics Canada. |
| 775 | 08|tCommerce au détail - bilan de l'année 2013 / |w(CaOODSP)9.608061 |
| 830 | #0|aAnalysis in brief (Statistics Canada)|x1707-0503|vNo. 94|w(CaOODSP)9.504715 |
| 856 | 40|ahttp://publications.gc.ca|qPDF|s179 KB|uhttps://publications.gc.ca/collections/collection_2015/statcan/11-621-m/11-621-m2014094-eng.pdf|yNo. 94 |